Normal view
MARC view
- Hassan, Mujtaba
Entry Personal Name
001 - CONTROL NUMBER
- control field: 17785
003 - CONTROL NUMBER IDENTIFIER
- control field: NUST
005 - DATE AND TIME OF LATEST TRANSACTION
- control field: 20190716072257.0
008 - FIXED-LENGTH DATA ELEMENTS
- fixed length control field: 190716|| aca||aabn | a|a d
040 ## - CATALOGING SOURCE
- Original cataloging agency: NUST
- Transcribing agency: NUST
100 ## - HEADING--PERSONAL NAME
- Personal name: Hassan, Mujtaba
670 ## - SOURCE DATA FOUND
- Source citation: Work cat.: (NUST): Hassan, Mujtaba, Key Performance Indicators; Adoption of Mobile Banking in Pakistan /, 2014.
